| 000 | 00387nam a2200169Ia 4500 | ||
|---|---|---|---|
| 001 | 24152 | ||
| 005 | 20260414151024.0 | ||
| 008 | 260414t2008||||xx |||||||||||||| ||spa|| | ||
| 041 | _aESP | ||
| 082 |
_a782.270985 _bD71 |
||
| 100 |
_aDiaz Orihuela, Javier _eAUT |
||
| 245 | 0 |
_aEl hombre y su himno _b |
|
| 260 | _c2008 | ||
| 650 | _aABD | ||
| 654 | _aCAU | ||
| 942 |
_cLIB _dJUS _fJUS _2ddc _n |
||
| 999 |
_c24152 _d24152 |
||